| 000 | 00940ckm a22002537a 4500 | ||
|---|---|---|---|
| 001 | 19276688 | ||
| 005 | 20180207033659.0 | ||
| 007 | kj co | ||
| 008 | 160916s1976 ilunnn kneng | ||
| 010 | _a 2016649841 | ||
| 040 |
_aDLC _beng _edcrmg _cDLC |
||
| 041 | _aeng | ||
| 080 | _a32 JOH | ||
| 100 | 1 | _a22 | |
| 101 | _aPOL | ||
| 245 | 1 | 0 |
_aSharpshooters 76 _cby John L. Doyle. |
| 540 |
_aPublication may be restricted. For information see "Fine Print Collection," _uhttp://www.loc.gov/rr/print/res/375_fine.html |
||
| 580 | _aForms part of: Fine print filing series (Library of Congress). | ||
| 773 | 0 |
_tFine print filing series (Library of Congress) _w(DLC) 2003656551 |
|
| 906 |
_a7 _bcbc _corignew _du _encip _f20 _gy-printpho |
||
| 942 |
_2ddc _cBK |
||
| 999 |
_c41976 _d41976 |
||